| 000 | 00549nam a2200205Ia 4500 | ||
|---|---|---|---|
| 003 | OSt | ||
| 005 | 20230504144036.0 | ||
| 008 | 210423s2007 xx 000 0 und d | ||
| 020 | _a748765344 | ||
| 040 | _cAL | ||
| 041 | _aeng | ||
| 082 |
_a574.87322 _223 _bLODJ |
||
| 100 |
_aLODGE (Julia);others. _997728 |
||
| 245 | _aGene cloning: principles and applications. | ||
| 260 |
_aNew Delhi _bTaylor & Francis _c2007 |
||
| 300 |
_aix,462 _bPB |
||
| 365 |
_b1982 _cINR |
||
| 906 | _aapplications. ; cloning: ; Gene ; principles | ||
| 942 |
_2ddc _cBK |
||
| 999 |
_c163591 _d163591 |
||